[Event "X Corsicoscacchi FIDE"]
[Site "Corsico ITA"]
[Date "1995.10.??"]
[Round "?"]
[White "Cristiani, Cesare"]
[Black "Rossi, Giampiero"]
[Result "1/2-1/2"]
[WhiteElo "2020"]
[BlackElo "2135"]
[PlyCount "97"]
[EventDate "1995.10.08"]

1. d4 d5 2. c4 e6 3. Nc3 Nf6 4. Nf3 Nbd7 5. Bg5 c6 6. e3 Qa5 7. Bxf6 Nxf6 8.
Qc2 Bb4 9. Nd2 O-O 10. Bd3 Rd8 11. O-O Bxc3 12. bxc3 dxc4 13. Nxc4 Qc7 14. Ne5
b6 15. g4 h6 16. f4 Bb7 17. g5 Nd5 18. Rf3 c5 19. gxh6 gxh6 20. Rg3+ Kf8 21.
Rf1 cxd4 22. exd4 Qxc3 23. Qxc3 Nxc3 24. f5 exf5 25. Rxf5 Bd5 26. Ng6+ Ke8 27.
Re3+ Kd7 28. Ne5+ Kc7 29. Nxf7 Rg8+ 30. Kf1 Rae8 31. Rxe8 Rxe8 32. Nxh6 Bxa2
33. Nf7 Rf8 34. Ne5 Rxf5+ 35. Bxf5 Kd6 36. h4 Nd5 37. Kf2 Nf6 38. Ke3 Kd5 39.
Bg6 Kd6 40. h5 Bg8 41. h6 a5 42. Kd3 Kd5 43. Kc3 b5 44. Nd7 b4+ 45. Kb2 Nxd7
46. Bf7+ Kxd4 47. Bxg8 Nf6 48. Kb3 Ke5 49. Ka4 1/2-1/2

[Event "X Corsicoscacchi FIDE"]
[Site "Corsico ITA"]
[Date "1995.10.??"]
[Round "?"]
[White "Rossi, Giampiero"]
[Black "Cappello, Guido"]
[Result "0-1"]
[WhiteElo "2135"]
[BlackElo "2235"]
[PlyCount "48"]
[EventDate "1995.10.08"]

1. d4 Nf6 2. c4 g6 3. g3 Bg7 4. Bg2 c5 5. Nf3 cxd4 6. Nxd4 Nc6 7. Nc3 Ng4 8. e3
Nge5 9. b3 Nxd4 10. exd4 Qa5 11. Bb2 Nc6 12. Bxc6 dxc6 13. Qd2 Qh5 14. f4 Bh3
15. Kf2 O-O 16. Rhe1 Rad8 17. Ne2 Bg4 18. h4 Qf5 19. Kg2 e5 20. Kh2 Rd7 21. Qe3
Qc2 22. Qc3 Qxc3 23. Bxc3 exd4 24. Bb4 Rfd8 0-1

[Event "X Corsicoscacchi FIDE"]
[Site "Corsico ITA"]
[Date "1995.10.??"]
[Round "1"]
[White "Cappello, Guido"]
[Black "Caruso, Daniele"]
[Result "0-1"]
[WhiteElo "2235"]
[BlackElo "2135"]
[PlyCount "100"]
[EventDate "1995.10.08"]

1. e4 e6 2. d4 d5 3. Nd2 Nf6 4. e5 Nfd7 5. c3 c5 6. Bd3 Nc6 7. Ngf3 Qb6 8. O-O
cxd4 9. cxd4 Nxd4 10. Nxd4 Qxd4 11. Nf3 Qg4 12. h3 Qh5 13. Qa4 Be7 14. Kh2 f5
15. Nd4 Kf7 16. Be2 Qg6 17. Bf4 Nc5 18. Qd1 h5 19. Rc1 Bd7 20. Rc3 Rac8 21. Nf3
h4 22. b4 Ne4 23. Rxc8 Bxc8 24. Qd4 a5 25. Rc1 Re8 26. Rc7 Kf8 27. Bb5 Rd8 28.
bxa5 Qh5 29. Qb6 g5 30. Rxc8 Rxc8 31. Qxe6 Rd8 32. Qxf5+ Qf7 33. Qxf7+ Kxf7 34.
Be3 Ke6 35. a4 Kf5 36. a6 bxa6 37. Bxa6 Bc5 38. Nd4+ Bxd4 39. Bxd4 Nd2 40. Bd3+
Ke6 41. a5 Nc4 42. a6 Nxe5 43. Bb5 Kd6 44. Be3 Rg8 45. Bxg5 Rxg5 46. f4 Rg3 47.
fxe5+ Kxe5 48. Be2 Ra3 49. Kg1 d4 50. Bb5 Kf4 0-1

[Event "X Corsicoscacchi FIDE"]
[Site "Corsico ITA"]
[Date "1995.10.??"]
[Round "1"]
[White "Cazzaniga, Walter"]
[Black "Rodighiero, Giuseppe"]
[Result "0-1"]
[WhiteElo "2190"]
[BlackElo "2185"]
[PlyCount "132"]
[EventDate "1995.10.08"]

1. d4 Nf6 2. c4 g6 3. Nc3 Bg7 4. e4 d6 5. f3 O-O 6. Be3 Nbd7 7. Nge2 c5 8. Qd2
a6 9. a3 Rb8 10. Rb1 Qc7 11. dxc5 dxc5 12. Bf4 e5 13. Be3 Nb6 14. Nc1 Rd8 15.
Qf2 Nbd7 16. Nd5 Nxd5 17. cxd5 b5 18. Be2 f5 19. O-O f4 20. Bd2 c4 21. b4 Bf8
22. Na2 Qb6 23. g3 fxg3 24. hxg3 Qxf2+ 25. Rxf2 Nf6 26. Be3 Bd6 27. Nc3 Nh5 28.
Kh2 Bb7 29. f4 Nf6 30. Bc5 exf4 31. Bxd6 Rxd6 32. gxf4 Rd7 33. a4 bxa4 34. Nxa4
Nxe4 35. Nc5 Nxf2 36. Nxd7 Rd8 37. Nc5 Bxd5 38. Nxa6 Nd3 39. Nc7 Nxf4 40. Nxd5
Nxe2 41. Ne3 c3 42. b5 c2 43. Nxc2 Nc3 44. Rb2 Nxb5 45. Rxb5 Rd2+ 46. Kg3 Rxc2
47. Rb7 Rc5 48. Kg4 Rf5 49. Ra7 Rf7 50. Ra1 Kg7 51. Ra5 Rb7 52. Ra4 h5+ 53. Kf4
Kh6 54. Re4 Rf7+ 55. Kg3 Rf6 56. Re8 Ra6 57. Kf4 Ra4+ 58. Kg3 Ra6 59. Kf4 Rf6+
60. Kg3 Kg5 61. Re4 h4+ 62. Rxh4 Rf3+ 63. Kg2 Kxh4 64. Kxf3 g5 65. Kf2 Kh3 66.
Kf1 Kh2 0-1

[Event "X Corsicoscacchi FIDE"]
[Site "Corsico ITA"]
[Date "1995.10.??"]
[Round "1"]
[White "Farachi, Francesco"]
[Black "Schacher, Gerd"]
[Result "0-1"]
[WhiteElo "2115"]
[BlackElo "2215"]
[PlyCount "90"]
[EventDate "1995.10.08"]

1. e4 c5 2. Nf3 d6 3. d4 cxd4 4. Nxd4 Nf6 5. Nc3 a6 6. a4 g6 7. Be2 Bg7 8. Be3
O-O 9. O-O Nc6 10. Nxc6 bxc6 11. a5 Bb7 12. f3 c5 13. e5 dxe5 14. Qxd8 Rfxd8
15. Bxc5 e4 16. Rad1 exf3 17. Bxf3 Bxf3 18. gxf3 Rdc8 19. Bxe7 Rab8 20. Bxf6
Bxf6 21. Nd5 Bh4 22. Rd4 Bd8 23. b4 Rxc2 24. Re1 Bg5 25. Rde4 Rb5 26. Re8+ Kg7
27. R8e5 Bd2 28. R1e2 Rc1+ 29. Kg2 Bxb4 30. Nxb4 Rxb4 31. Ra2 Rbb1 32. Rd5 Rg1+
33. Kh3 Rb3 34. Rf2 Ra1 35. Kg3 Rba3 36. Rd6 Rxa5 37. Rc2 R1a3 38. Rcc6 Rf5 39.
Rxa6 Raxf3+ 40. Kg2 Rf2+ 41. Kg1 Rf1+ 42. Kg2 R5f2+ 43. Kg3 Rb2 44. h3 Rg1+ 45.
Kh4 Rb4+ 0-1

[Event "X Corsicoscacchi FIDE"]
[Site "Corsico ITA"]
[Date "1995.10.??"]
[Round "1"]
[White "Natalucci, Fabrizio"]
[Black "Rossi, Giampiero"]
[Result "1-0"]
[WhiteElo "2220"]
[BlackElo "2135"]
[PlyCount "75"]
[EventDate "1995.10.08"]

1. d4 d5 2. c4 e6 3. Nf3 Nf6 4. g3 Be7 5. Bg2 c6 6. O-O O-O 7. Nc3 Nbd7 8. b3
b6 9. Bb2 Bb7 10. Qc2 Rc8 11. e4 Qc7 12. Rad1 Rfd8 13. Rfe1 Qb8 14. Qb1 Qa8 15.
h4 h6 16. Bh3 Bf8 17. e5 Ne8 18. Bf1 Nc7 19. cxd5 cxd5 20. Nb5 Nxb5 21. Bxb5
Bc6 22. Bd3 Nb8 23. Re3 Be8 24. g4 Qb7 25. Kg2 Nc6 26. Rh1 Nb4 27. Bf1 Kh8 28.
Ng5 Qe7 29. Ba3 a5 30. Rf3 g6 31. Bc1 Kg8 32. h5 Rxc1 33. Qxc1 Qxg5 34. Qxg5
hxg5 35. hxg6 Rd7 36. Rc3 Be7 37. gxf7+ Bxf7 38. Rc8+ 1-0

[Event "X Corsicoscacchi FIDE"]
[Site "Corsico ITA"]
[Date "1995.10.??"]
[Round "1"]
[White "Travasoni, Marco"]
[Black "Contini, Luca"]
[Result "0-1"]
[WhiteElo "2165"]
[BlackElo "2315"]
[PlyCount "68"]
[EventDate "1995.10.08"]

1. d4 Nf6 2. Nf3 e6 3. Bg5 c5 4. e3 cxd4 5. exd4 Qb6 6. Qc1 Nc6 7. c3 d5 8. Bd3
Bd7 9. Nbd2 Rc8 10. Qb1 h6 11. Bh4 Nh5 12. O-O Nf4 13. Re1 Bd6 14. Bg3 O-O 15.
Nb3 Ne7 16. Bxf4 Bxf4 17. Nc5 Bb5 18. Ne5 Bxe5 19. Rxe5 Bxd3 20. Nxd3 a5 21.
Re3 a4 22. Nc5 Qc6 23. Qd1 a3 24. b4 b6 25. Nb3 Rc7 26. Nd2 Rfc8 27. Qb3 Nf5
28. Rf3 Nd6 29. Re1 Nb5 30. Nb1 Qc4 31. Qxc4 Rxc4 32. h3 Nxc3 33. Nxa3 Rxb4 34.
Nc2 Rb2 0-1

[Event "X Corsicoscacchi FIDE"]
[Site "Corsico ITA"]
[Date "1995.10.??"]
[Round "2"]
[White "Braunberger, Federico"]
[Black "Zanetti, Alberto"]
[Result "1-0"]
[WhiteElo "2100"]
[BlackElo "1998"]
[PlyCount "89"]
[EventDate "1995.10.08"]

1. Nf3 g6 2. d4 f5 3. Nc3 Nf6 4. Bg5 Bg7 5. Bxf6 exf6 6. e3 d5 7. h4 h5 8. Bd3
Kf7 9. Qe2 c6 10. Nd2 Re8 11. O-O-O b5 12. Rdf1 Bh6 13. Nd1 Na6 14. Kb1 Qb6 15.
Nb3 Nb4 16. f3 a5 17. Nc5 Bf8 18. g4 fxg4 19. fxg4 Bxg4 20. Qf2 Qd8 21. Rhg1
Bxc5 22. dxc5 Nxd3 23. cxd3 Qe7 24. Nc3 b4 25. Na4 Bf5 26. e4 dxe4 27. dxe4
Qxe4+ 28. Ka1 Qc2 29. Qf4 Qxa4 30. Rxg6 Re5 31. Rgg1 Rg8 32. Rxg8 Kxg8 33. Qh6
Kf7 34. Qxh5+ Bg6 35. Qxe5 Qd1+ 36. Rxd1 fxe5 37. b3 Ke7 38. Kb2 Bh5 39. Re1
Ke6 40. Kc2 Kd5 41. Kd2 Kd4 42. Rg1 Bf3 43. h5 e4 44. h6 e3+ 45. Ke1 1-0

[Event "X Corsicoscacchi FIDE"]
[Site "Corsico ITA"]
[Date "1995.10.??"]
[Round "2"]
[White "Cristiani, Cesare"]
[Black "Rodighiero, Giuseppe"]
[Result "1/2-1/2"]
[WhiteElo "2020"]
[BlackElo "2185"]
[PlyCount "47"]
[EventDate "1995.10.08"]

1. d4 Nf6 2. c4 g6 3. Nf3 Bg7 4. g3 O-O 5. Bg2 d6 6. O-O Nbd7 7. Nc3 e5 8. e4
c6 9. h3 Qe7 10. Be3 Ne8 11. Re1 f5 12. exf5 gxf5 13. dxe5 dxe5 14. Qd2 Qf7 15.
Bh6 Bxh6 16. Qxh6 e4 17. Ng5 Qg6 18. Qxg6+ hxg6 19. f3 exf3 20. Bxf3 Ndf6 21.
Re7 Nd6 22. b3 Nf7 23. Nxf7 Rxf7 24. Rae1 1/2-1/2

[Event "X Corsicoscacchi FIDE"]
[Site "Corsico ITA"]
[Date "1995.10.??"]
[Round "2"]
[White "Rossi, Giampiero"]
[Black "Cazzaniga, Walter"]
[Result "0-1"]
[WhiteElo "2135"]
[BlackElo "2190"]
[PlyCount "74"]
[EventDate "1995.10.08"]

1. d4 Nf6 2. c4 g6 3. g3 Bg7 4. Bg2 O-O 5. Nc3 d6 6. Nf3 Nbd7 7. O-O c6 8. h3
e5 9. Qc2 Re8 10. Rd1 Qe7 11. dxe5 dxe5 12. Be3 Nc5 13. b3 Bf5 14. Qb2 h5 15.
Qa3 Nfd7 16. Rac1 Bf8 17. Kh2 Qf6 18. Qb2 a5 19. Nh4 Be6 20. Qd2 Qg7 21. Rb1
Be7 22. Bg5 f6 23. Be3 Red8 24. Qc2 f5 25. Nf3 f4 26. gxf4 Bf5 27. Qc1 Bxb1 28.
Nxb1 Ne6 29. fxe5 Nxe5 30. Rxd8+ Rxd8 31. Nbd2 g5 32. Kg1 g4 33. hxg4 hxg4 34.
Nxe5 Qxe5 35. Ne4 Nd4 36. Kf1 Nf5 37. Bb6 Qb2 0-1

[Event "X Corsicoscacchi FIDE"]
[Site "Corsico ITA"]
[Date "1995.10.??"]
[Round "2"]
[White "Schacher, Gerd"]
[Black "Caruso, Daniele"]
[Result "1-0"]
[WhiteElo "2215"]
[BlackElo "2135"]
[PlyCount "57"]
[EventDate "1995.10.08"]

1. c4 Nf6 2. Nc3 g6 3. e4 d6 4. d4 Bg7 5. f3 O-O 6. Be3 e5 7. d5 c6 8. g4 cxd5
9. cxd5 Nbd7 10. Nge2 h5 11. h3 Nh7 12. gxh5 Qh4+ 13. Bf2 Qxh5 14. Ng3 Qh6 15.
Nb5 a6 16. Nxd6 Rd8 17. Ngf5 gxf5 18. Nxf5 Qh5 19. Rg1 Ng5 20. Be2 Nf6 21. Nxg7
Kxg7 22. h4 Kf8 23. Rxg5 Qh8 24. Qb3 Nd7 25. O-O-O b5 26. Qa3+ Ke8 27. Rdg1 Nf8
28. Rg8 Qh6+ 29. Be3 1-0

[Event "X Corsicoscacchi FIDE"]
[Site "Corsico ITA"]
[Date "1995.10.??"]
[Round "3"]
[White "Cazzaniga, Walter"]
[Black "Cappello, Guido"]
[Result "1-0"]
[WhiteElo "2190"]
[BlackElo "2235"]
[PlyCount "55"]
[EventDate "1995.10.08"]

1. d4 Nf6 2. c4 c5 3. d5 b5 4. cxb5 a6 5. b6 Qxb6 6. Nc3 e6 7. e4 Bb7 8. Bc4
Be7 9. Nge2 O-O 10. O-O exd5 11. exd5 a5 12. Re1 Ba6 13. b3 d6 14. Ng3 Bd8 15.
Bf4 Ra7 16. h3 Ne8 17. Nce4 Nd7 18. Nf5 Ndf6 19. Nexd6 Bc7 20. Nxe8 Bxf4 21.
Nexg7 Bc8 22. Qf3 Qc7 23. Re7 Qb8 24. Rxa7 Qe5 25. Rd1 Bxf5 26. Nxf5 Qxf5 27.
g3 Qxh3 28. Bf1 1-0

[Event "X Corsicoscacchi FIDE"]
[Site "Corsico ITA"]
[Date "1995.10.??"]
[Round "3"]
[White "Cazzaniga, Walter"]
[Black "Cappello, Guido"]
[Result "1/2-1/2"]
[WhiteElo "2190"]
[BlackElo "2235"]
[PlyCount "98"]
[EventDate "1995.10.08"]

1. d4 d5 2. c4 c6 3. Nf3 e6 4. Nc3 Nf6 5. e3 Be7 6. Bd3 O-O 7. O-O dxc4 8. Bxc4
c5 9. Qe2 a6 10. a3 b5 11. Ba2 Bb7 12. dxc5 Bxc5 13. e4 Qc7 14. Bg5 Ng4 15. Bh4
Ne5 16. Nxe5 Qxe5 17. Rac1 Bb6 18. Kh1 Nc6 19. f4 Qb8 20. Rcd1 Bd8 21. Bg3 Bc7
22. e5 Ne7 23. Bb1 Qe8 24. Bf2 Qc8 25. Bc5 Re8 26. b4 Nf5 27. Ne4 Rd8 28. Ng3
Nxg3+ 29. hxg3 Bd5 30. Qh5 g6 31. Qh6 Qb7 32. Rd2 Bb6 33. Rc1 Bxc5 34. bxc5
Rac8 35. Qg5 Rd7 36. f5 exf5 37. Bxf5 Be6 38. Bxe6 fxe6 39. Rd6 Re7 40. c6 Qc7
41. Rcd1 Rf7 42. g4 Rcf8 43. Rxe6 Qb6 44. Kh2 Rf1 45. Rxf1 Rxf1 46. Re8+ Kg7
47. Qe7+ Rf7 48. Qd8 Qf2 49. Qd1 Qh4+ 1/2-1/2

[Event "X Corsicoscacchi FIDE"]
[Site "Corsico ITA"]
[Date "1995.10.??"]
[Round "3"]
[White "Zucchelli, Massimo"]
[Black "Farachi, Francesco"]
[Result "1-0"]
[WhiteElo "2195"]
[BlackElo "2115"]
[PlyCount "49"]
[EventDate "1995.10.08"]

1. d4 Nf6 2. Bg5 g6 3. Bxf6 exf6 4. g3 Bg7 5. Bg2 O-O 6. c4 d6 7. Nc3 c6 8. e3
Na6 9. a3 Nc7 10. Nge2 Bf5 11. b4 a5 12. b5 cxb5 13. cxb5 Rb8 14. O-O b6 15.
Qb3 g5 16. Nd5 Nxd5 17. Bxd5 Qe7 18. Rac1 Rfc8 19. Nc3 Bh3 20. Bg2 Bxg2 21.
Kxg2 f5 22. Nd5 Qe6 23. Rc6 f4 24. Rc4 fxe3 25. Rxc8+ 1-0

[Event "X Corsicoscacchi FIDE"]
[Site "Corsico ITA"]
[Date "1995.10.??"]
[Round "4"]
[White "Cappello, Guido"]
[Black "Rodighiero, Giuseppe"]
[Result "1/2-1/2"]
[WhiteElo "2235"]
[BlackElo "2185"]
[PlyCount "74"]
[EventDate "1995.10.08"]

1. e4 c6 2. d4 d5 3. exd5 cxd5 4. c4 Nf6 5. Nc3 Nc6 6. Bg5 e6 7. Nf3 Be7 8. Rc1
O-O 9. c5 Ne4 10. Bf4 Bf6 11. Bb5 Nxd4 12. Nxd4 Nxc3 13. bxc3 e5 14. Bg3 exd4
15. O-O Bd7 16. Bxd7 Qxd7 17. cxd4 Rfe8 18. f3 Re6 19. Bf2 b6 20. Qb3 Rc8 21.
cxb6 Rxc1 22. Rxc1 Rxb6 23. Qc3 g6 24. Qc5 Kg7 25. g4 Rb2 26. Rc2 Rb5 27. Qa3
Qb7 28. Kg2 Rb4 29. Qc1 h6 30. Be3 g5 31. h4 Rb1 32. Qa3 gxh4 33. Qd6 Rb2 34.
Bxh6+ Kg6 35. Rd2 Qb4 36. Qxb4 Rxb4 37. Be3 Ra4 1/2-1/2

[Event "X Corsicoscacchi FIDE"]
[Site "Corsico ITA"]
[Date "1995.10.??"]
[Round "4"]
[White "Natalucci, Fabrizio"]
[Black "Cazzaniga, Walter"]
[Result "1/2-1/2"]
[WhiteElo "2220"]
[BlackElo "2190"]
[PlyCount "44"]
[EventDate "1995.10.08"]

1. d4 Nf6 2. Nf3 g6 3. g3 Bg7 4. Bg2 O-O 5. O-O d6 6. c4 Nbd7 7. Nc3 e5 8. e4
c6 9. h3 exd4 10. Nxd4 Re8 11. Be3 Nc5 12. Qc2 a5 13. Rfe1 a4 14. Rad1 Qa5 15.
Bf4 Bf8 16. Bf1 Nfd7 17. Kg2 Ne5 18. Be3 f6 19. Rb1 Ne6 20. b4 axb3 21. axb3
Qb4 22. Be2 Nc5 1/2-1/2

[Event "X Corsicoscacchi FIDE"]
[Site "Corsico ITA"]
[Date "1995.10.??"]
[Round "5"]
[White "Cazzaniga, Walter"]
[Black "Cristiani, Cesare"]
[Result "1-0"]
[WhiteElo "2190"]
[BlackElo "2020"]
[PlyCount "53"]
[EventDate "1995.10.08"]

1. d4 Nf6 2. c4 e5 3. dxe5 Ng4 4. Bf4 Bb4+ 5. Nd2 Nc6 6. Ngf3 Qe7 7. e3 Ngxe5
8. Nxe5 Nxe5 9. Be2 Qd6 10. a3 Qxd2+ 11. Qxd2 Bxd2+ 12. Kxd2 d6 13. c5 Ng6 14.
Bg3 dxc5 15. Bxc7 Bd7 16. Rhc1 b6 17. b4 Rc8 18. Bd6 Rc6 19. bxc5 bxc5 20. Bxc5
a6 21. Rab1 Kd8 22. Bf3 Rf6 23. Rb8+ Bc8 24. Bb6+ Ke7 25. Rc7+ Bd7 26. Bc5+ Ke6
27. Rb6+ 1-0

[Event "X Corsicoscacchi FIDE"]
[Site "Corsico ITA"]
[Date "1995.10.??"]
[Round "5"]
[White "Contini, Luca"]
[Black "Schacher, Gerd"]
[Result "1/2-1/2"]
[WhiteElo "2315"]
[BlackElo "2215"]
[PlyCount "61"]
[EventDate "1995.10.08"]

1. d4 Nf6 2. c4 c5 3. d5 b5 4. cxb5 a6 5. f3 axb5 6. e4 Qa5+ 7. Bd2 b4 8. Na3
d6 9. Nc4 Qd8 10. a3 e6 11. axb4 Rxa1 12. Qxa1 exd5 13. exd5 Nxd5 14. Qa8 Be6
15. bxc5 dxc5 16. Ba5 Qc8 17. Ne5 Bd6 18. Bb5+ Kf8 19. Nc4 Bc7 20. Ne2 g6 21.
O-O Bxa5 22. Qxa5 Kg7 23. Ne3 Qc7 24. Qd2 Qe5 25. Nc4 Qf6 26. Rd1 Nc7 27. Na3
Nxb5 28. Nxb5 Nc6 29. Qc3 Qxc3 30. Nexc3 Rb8 31. Rd2 1/2-1/2

[Event "X Corsicoscacchi FIDE"]
[Site "Corsico ITA"]
[Date "1995.10.??"]
[Round "6"]
[White "Cappello, Guido"]
[Black "Contini, Luca"]
[Result "0-1"]
[WhiteElo "2235"]
[BlackElo "2315"]
[PlyCount "116"]
[EventDate "1995.10.08"]

1. e4 c5 2. Nf3 d6 3. d4 cxd4 4. Nxd4 Nf6 5. Nc3 e6 6. g4 Be7 7. Rg1 Nc6 8. Be3
a6 9. Qe2 Rb8 10. O-O-O O-O 11. f4 Qa5 12. Kb1 Nd7 13. g5 Nxd4 14. Bxd4 Re8 15.
h4 b5 16. Qf2 b4 17. Ne2 Bb7 18. Ng3 Bf8 19. h5 e5 20. Ba7 exf4 21. Qxf4 Rbc8
22. Bd4 Qc7 23. Bd3 d5 24. Qxc7 Rxc7 25. exd5 Bc5 26. d6 Bxd4 27. dxc7 Bxg1 28.
Rxg1 Rc8 29. g6 hxg6 30. hxg6 fxg6 31. Bxg6 Rxc7 32. Nh5 Ne5 33. Bf5 Re7 34.
Nf4 Nf3 35. Rd1 Kf7 36. Bg4 Ne5 37. Be2 g5 38. Nh5 Bf3 39. Bxf3 Nxf3 40. a3
bxa3 41. bxa3 Re3 42. Rd6 a5 43. Ra6 Rxa3 44. Kb2 Re3 45. Rxa5 Ne5 46. Rc5 Kg6
47. Ng3 g4 48. Kc1 Nd7 49. Rd5 Ne5 50. Rc5 Kg5 51. Kd2 Rxg3 52. Rxe5+ Kf4 53.
Re8 Rg2+ 54. Kd3 Rg1 55. Re4+ Kf3 56. Re3+ Kf2 57. c4 Rd1+ 58. Ke4 Rc1 0-1

[Event "C.to Europeo U20"]
[Site "Holon ISR"]
[Date "1995.11.??"]
[Round "1"]
[White "Skripchenko, Almira"]
[Black "Giordani, Marco"]
[Result "1-0"]
[WhiteElo "2400"]
[BlackElo "1971"]
[PlyCount "69"]
[EventDate "1995.11.01"]

1. e4 Nf6 2. e5 Nd5 3. c4 Nb6 4. d4 d6 5. exd6 cxd6 6. Nc3 g6 7. h3 Bg7 8. Be3
O-O 9. Nf3 Nc6 10. Be2 e5 11. d5 Ne7 12. g4 f5 13. Qd2 fxg4 14. hxg4 Nxc4 15.
Bxc4 Rxf3 16. Be2 Rf7 17. Ne4 Bf6 18. O-O-O Kh8 19. Rh2 Ng8 20. Kb1 b5 21. Rdh1
a5 22. Qd3 Rg7 23. f4 Qe7 24. Ka1 exf4 25. Nxf6 Nxf6 26. Bd4 h5 27. g5 Ng4 28.
Bxg4 Bxg4 29. Qxg6 Kg8 30. Bxg7 Qxg7 31. Qxd6 Qxg5 32. Rg1 Rd8 33. Rxh5 Qxh5
34. Qxd8+ Kg7 35. Qd7+ 1-0

[Event "C.to Europeo U20"]
[Site "Holon ISR"]
[Date "1995.11.??"]
[Round "2"]
[White "Giordani, Marco"]
[Black "Allahverdiev, Anar"]
[Result "0-1"]
[WhiteElo "1971"]
[BlackElo "2290"]
[PlyCount "64"]
[EventDate "1995.11.01"]

1. e4 e5 2. d4 exd4 3. c3 Qe7 4. cxd4 Qxe4+ 5. Be3 Bb4+ 6. Nc3 Nf6 7. Nf3 Nd5
8. Qd2 Bxc3 9. bxc3 Nxe3 10. fxe3 d5 11. Bd3 Qe7 12. O-O O-O 13. c4 c6 14. Ne5
Nd7 15. Ng4 Nb6 16. Ne5 f6 17. Qf2 fxe5 18. Bxh7+ Kxh7 19. Qxf8 Qxf8 20. Rxf8
dxc4 21. dxe5 Be6 22. Raf1 Rxf8 23. Rxf8 c3 24. Rf2 Nd5 25. Rc2 Bf5 26. Rc1 c2
27. e6 Kg8 28. e4 Bxe4 29. Rf1 Bg6 30. Kf2 Nb4 31. Ke3 Nxa2 32. e7 c1=Q+ 0-1

[Event "C.to Europeo U20"]
[Site "Holon ISR"]
[Date "1995.11.??"]
[Round "6"]
[White "Slivinskas, Mindaugas"]
[Black "Giordani, Marco"]
[Result "1-0"]
[WhiteElo "2265"]
[BlackElo "1971"]
[PlyCount "63"]
[EventDate "1995.11.01"]

1. e4 c5 2. Nf3 d6 3. Nc3 Nf6 4. d4 cxd4 5. Nxd4 a6 6. Be2 e5 7. Nb3 Be6 8. Bg5
Nbd7 9. O-O Be7 10. Kh1 O-O 11. f4 Qc7 12. f5 Bc4 13. Bxc4 Qxc4 14. Nd2 Qc7 15.
Rf3 b5 16. a3 Rfd8 17. Nf1 Nb6 18. Ne3 Qb7 19. Bxf6 Bxf6 20. Ncd5 Nxd5 21. Nxd5
Bg5 22. Rg3 f6 23. Qg4 Qf7 24. Rd1 Rac8 25. Qe2 Rc6 26. Rgd3 Qb7 27. Nb4 Rc4
28. Rd5 a5 29. b3 Rc3 30. Rxb5 Re3 31. Qc4+ Qf7 32. Nd5 1-0

[Event "C.to Europeo U20"]
[Site "Holon ISR"]
[Date "1995.11.??"]
[Round "9"]
[White "Knoflicek, Ctibor"]
[Black "Giordani, Marco"]
[Result "1-0"]
[WhiteElo "2195"]
[BlackElo "1971"]
[PlyCount "99"]
[EventDate "1995.11.01"]

1. c4 Nf6 2. Nc3 e6 3. Nf3 b6 4. g3 Bb7 5. Bg2 Be7 6. O-O O-O 7. d4 Ne4 8. Qc2
Nxc3 9. Qxc3 d6 10. b3 Nd7 11. Bb2 f5 12. Qe3 Rf6 13. Ng5 f4 14. Qd2 Bxg2 15.
Kxg2 Qe8 16. d5 e5 17. Ne4 Rh6 18. g4 Qg6 19. f3 Nf6 20. Nxf6+ Bxf6 21. e4 fxe3
22. Qxe3 Bg5 23. Qe4 Bf4 24. Rh1 Qg5 25. h3 Rf8 26. Raf1 Bd2 27. h4 Qf4 28.
Qxf4 Rxf4 29. Rd1 Be3 30. Rd3 Bc5 31. Bc1 Rhf6 32. Bxf4 Rxf4 33. Re1 h6 34. Re4
Rxe4 35. fxe4 Kf7 36. Rf3+ Ke7 37. g5 hxg5 38. hxg5 g6 39. Rf6 Be3 40. Rxg6 Kf7
41. Rf6+ Kg7 42. Re6 Bxg5 43. Re8 a5 44. Rc8 Be3 45. Kf3 Bc5 46. Kg4 Kf6 47.
Rxc7 Kg6 48. Rc6 Kf7 49. Kf5 Ke7 50. Rc7+ 1-0

[Event "Open"]
[Site "Toscolano-Maderno ITA"]
[Date "1995.10.14"]
[Round "1"]
[White "Cugini, Verter"]
[Black "Duarte, Riccardo"]
[Result "1-0"]
[WhiteElo "2235"]
[BlackElo "2050"]
[PlyCount "123"]
[EventDate "1995.10.14"]

1. e4 e5 2. Nf3 d6 3. d4 exd4 4. Nxd4 Be7 5. Nc3 Nf6 6. Be2 O-O 7. O-O Nc6 8.
Be3 Nxd4 9. Bxd4 Bd7 10. Bf3 c6 11. Be3 Ne8 12. Re1 Bg5 13. Qd2 Bxe3 14. Rxe3
Qg5 15. Rd1 Rd8 16. Rd3 Qe5 17. Qe3 b6 18. b4 f5 19. exf5 Qxe3 20. Rxe3 Rxf5
21. Ne4 d5 22. Ng3 Rf4 23. c3 Nd6 24. a4 Nc4 25. Re7 Nb2 26. Rd4 Rxd4 27. cxd4
Kf8 28. Re1 Nxa4 29. Ra1 b5 30. Bd1 Nc3 31. Bc2 Ra8 32. Bxh7 Na4 33. Ne2 a5 34.
bxa5 Rxa5 35. Nc1 Ra8 36. Nb3 Be8 37. Bf5 Nb6 38. Rxa8 Nxa8 39. Kf1 Ke7 40. Ke2
g6 41. Bb1 Nc7 42. f4 Kf6 43. g4 Ne6 44. Kf3 g5 45. fxg5+ Nxg5+ 46. Kf4 Ne6+
47. Kg3 Bg6 48. Bxg6 Kxg6 49. h4 Kf6 50. Kf3 Kg6 51. Ke3 Kf6 52. Na5 Nd8 53.
Kf3 Ke6 54. Kf4 Kf6 55. g5+ Kg6 56. Kg4 b4 57. h5+ Kf7 58. Kf5 Ne6 59. g6+ Ke7
60. Nxc6+ Kd7 61. Nxb4 Nxd4+ 62. Kf6 1-0

[Event "Open"]
[Site "Toscolano-Maderno ITA"]
[Date "1995.10.14"]
[Round "1"]
[White "Gorelli Fagiolini, Marco"]
[Black "Luciani, Carlo"]
[Result "1/2-1/2"]
[WhiteElo "2074"]
[BlackElo "2285"]
[PlyCount "115"]
[EventDate "1995.10.14"]

1. d4 c5 2. d5 e5 3. c4 d6 4. e4 Nf6 5. Nc3 g6 6. Bd3 Bg7 7. Nge2 O-O 8. O-O
Qe7 9. a3 Nbd7 10. b4 b6 11. Rb1 Kh8 12. Bg5 h6 13. Bh4 Rg8 14. Nc1 Qf8 15. Nb3
Ne8 16. Qc2 Bf6 17. Bg3 Qe7 18. bxc5 dxc5 19. a4 h5 20. f3 a5 21. Bf2 Ba6 22.
Rbe1 Nd6 23. Nd1 Bh4 24. g3 Bg5 25. Nc1 Bc8 26. Ne2 Nb8 27. f4 Bf6 28. Ne3 Bh3
29. Ng2 Na6 30. Qc1 Kg7 31. Nc3 Nb4 32. Be2 h4 33. Nxh4 Bxh4 34. gxh4 f6 35.
fxe5 fxe5 36. Bg3 Bxf1 37. Bxf1 Rh8 38. Nd1 Rxh4 39. Bxh4 Qxh4 40. Qc3 Qg5+ 41.
Bg2 Rh8 42. Nf2 Rh4 43. h3 Rf4 44. Ng4 Nf7 45. Re3 Nc2 46. Qxc2 Rxg4 47. Rb3
Rg3 48. Rxb6 Rxh3 49. Rb7 Ra3 50. Qf2 Ra1+ 51. Kh2 Qh5+ 52. Bh3 g5 53. Qb2 g4
54. Qxa1 Qxh3+ 55. Kg1 Qe3+ 56. Kh2 Qe2+ 57. Kg1 Qe3+ 58. Kh2 1/2-1/2

[Event "Open"]
[Site "Toscolano-Maderno ITA"]
[Date "1995.10.14"]
[Round "1"]
[White "Kania, Andreas"]
[Black "Agnelli, Francesco"]
[Result "1/2-1/2"]
[WhiteElo "2235"]
[BlackElo "1979"]
[PlyCount "91"]
[EventDate "1995.10.14"]

1. d4 Nf6 2. c4 g6 3. Nc3 Bg7 4. e4 d6 5. Be2 O-O 6. Nf3 e5 7. O-O Nc6 8. d5
Ne7 9. Ne1 Ne8 10. Nd3 f5 11. exf5 gxf5 12. f4 Ng6 13. Be3 Nf6 14. g3 Ne4 15.
Qc1 Bd7 16. fxe5 Nxe5 17. Nxe4 fxe4 18. Nxe5 Bxe5 19. Qc2 Bf5 20. Rf2 Qd7 21.
Bf1 Bg6 22. Bg2 Rxf2 23. Qxf2 Rf8 24. Qe2 Qg7 25. Rb1 Rf3 26. Kh1 Bh5 27. Qd2
Qf6 28. Bxf3 Qxf3+ 29. Kg1 Qf6 30. Qf2 Bf3 31. b4 h5 32. h4 Qg7 33. Kh2 Qg4 34.
Bf4 Bf6 35. Rg1 Kh7 36. Be3 Be5 37. Bf4 Bxf4 38. gxf4 Qxf4+ 39. Qg3 Qd2+ 40.
Rg2 Bxg2 41. Qxg2 e3 42. Kg3 Qxg2+ 43. Kxg2 Kg6 44. Kf3 e2 45. Kxe2 Kf5 46. Kf3
1/2-1/2

[Event "Open"]
[Site "Toscolano-Maderno ITA"]
[Date "1995.10.14"]
[Round "1"]
[White "Nurkic, Sahbaz"]
[Black "Di Lazzaro, Gabriele"]
[Result "1-0"]
[WhiteElo "2420"]
[BlackElo "2115"]
[PlyCount "37"]
[EventDate "1995.10.14"]

1. e4 g6 2. d4 Bg7 3. Nc3 c6 4. Bc4 Nf6 5. e5 Nd5 6. Qf3 e6 7. Ne4 O-O 8. c3 b5
9. Bb3 Na6 10. h4 h6 11. h5 Bb7 12. Qg3 Ne7 13. Nd6 Rb8 14. hxg6 Nxg6 15. Bxh6
c5 16. Nf5 Bxh6 17. Rxh6 Qe8 18. Qg5 c4 19. Rh8+ 1-0

[Event "Open"]
[Site "Toscolano-Maderno ITA"]
[Date "1995.10.14"]
[Round "1"]
[White "Pipitone, Antonio"]
[Black "Naumkin, Igor"]
[Result "0-1"]
[WhiteElo "2125"]
[BlackElo "2455"]
[PlyCount "52"]
[EventDate "1995.10.14"]

1. e4 e6 2. d4 d5 3. Nc3 Bb4 4. e5 c5 5. a3 Bxc3+ 6. bxc3 Ne7 7. Qg4 O-O 8. Bh6
Nf5 9. Bd2 Nc6 10. Bd3 f6 11. exf6 Qxf6 12. Bxf5 exf5 13. Qf3 cxd4 14. Ne2 dxc3
15. Bxc3 d4 16. Bb2 Be6 17. O-O f4 18. Rfd1 Rad8 19. Qd3 Ne5 20. Bxd4 Qg5 21.
Qc3 Bd5 22. Qh3 Nf3+ 23. Kf1 Nh4 24. f3 Bc4 25. c3 Rde8 26. Rd2 Be6 0-1